000 00977nam a2200289 4500
003 OSt
005 20260530113909.0
008 260505b1998 xxua|||| |||| 00| 0 eng d
020 _a068486035X
040 _aICI
_bspa
_cICI
041 _aeng
050 _aHD30.2
_bA78
100 1 _aAndersen, Arthur,
_eautor
_933183
245 1 0 _aBest Practices :
_bbuilding your business with customer focused solutions /
_cArthur Andersen, Robert Hiebeler, Thomas B. Kelly y Charles Ketteman
264 1 _aUnited States :
_bSimon & Shuster,
_c1999
300 _a236 páginas
336 _atexto
_2rdacontent
337 _asin medio
_2rdamedia
338 _avolumen
_2rdacarrier
650 4 _aAdministración de empresas.
_933184
650 4 _aPlaneación estratégica.
_933185
650 4 _aServicio al cliente.
_933186
700 1 _aHiebeler, Robert,
_eautor
_933187
700 1 _aKelly, Thomas B.,
_eautor
_933188
700 1 _aKetteman, Charles,
_eautor
_933189
942 _2lcc
_cBK
_n1
999 _c12070
_d12070